<?xml version="1.0" encoding="UTF-8"?>
<marc:record xmlns:marc="http://www.loc.gov/MARC21/slim">
   <marc:leader>00000nam a2200000 a 4500</marc:leader>
   <marc:datafield ind1=" " ind2=" " tag="653">
      <marc:subfield code="a">Lernhilfe</marc:subfield>
   </marc:datafield>
   <marc:datafield ind1=" " ind2=" " tag="653">
      <marc:subfield code="a">Lernmedien</marc:subfield>
   </marc:datafield>
   <marc:datafield ind1=" " ind2=" " tag="653">
      <marc:subfield code="a">Rechtschreibung</marc:subfield>
   </marc:datafield>
   <marc:datafield ind1=" " ind2=" " tag="653">
      <marc:subfield code="a">Zahlen</marc:subfield>
   </marc:datafield>
   <marc:datafield ind1=" " ind2=" " tag="653">
      <marc:subfield code="a">Lernprobleme</marc:subfield>
   </marc:datafield>
   <marc:datafield ind1=" " ind2=" " tag="653">
      <marc:subfield code="a">Schreiben</marc:subfield>
   </marc:datafield>
   <marc:datafield ind1="0" ind2="0" tag="245">
      <marc:subfield code="a">ABC Bär</marc:subfield>
   </marc:datafield>
   <marc:datafield ind1="0" ind2="0" tag="245">
      <marc:subfield code="b">Folge 1 - 8</marc:subfield>
   </marc:datafield>
   <marc:datafield ind1=" " ind2="1" tag="264">
      <marc:subfield code="b">HOANUL</marc:subfield>
      <marc:subfield code="c">2012</marc:subfield>
   </marc:datafield>
   <marc:datafield ind1="1" ind2=" " tag="520">
      <marc:subfield code="a">Ein Baum, der aus einem Auto wächst und auch noch ein Baumhaus trägt? Singende Frösche und eine Kuh, die Zahlen liebet? Wo gibt es denn so was? Beim "ABC Bär" und seinen Freunden in "okidoki"!
Die neueste Sendung aus der Feder des Erfolgsautors und "okidoki"-Mastermind Thomas C. Brezina lädt die jüngsten Zuseher dazu ein, in spannenden Abenteuern das Zusammenleben mit anderen zu lernen und in jeder Folge in bunten Spielen Buchstaben und Zahlen kennenzulernen. Mit dabei: ein neues Lied pro Folge von der Platscho-Band.
Begleitet wird der ABC Bär immer von seinen Freunden Iggi, dem Igel, Box, dem Biber, Mona Muh, der Kuh, Pim, dem kleinen Pinguinküken und den lustigen Platscho-Fröschen.</marc:subfield>
   </marc:datafield>
   <marc:datafield ind1="3" ind2=" " tag="024">
      <marc:subfield code="a">9006472022015</marc:subfield>
   </marc:datafield>
</marc:record>
